| 000 | 00592nam a2200133Ia 4500 | ||
|---|---|---|---|
| 008 | 100328s9999 xx 000 0 und d | ||
| 082 | _b65434 | ||
| 100 | _aठाकूर अजित-अनु.(मूळ लेखक-जेफ्री आर्चर). | ||
| 245 | _aसन्स ऑफ फॉर्च्यून (Sons Of Fortune). | ||
| 260 | _bमेहता पब्लिशिंग हाऊस. | ||
| 630 | _aसन्स ऑफ फॉर्च्यून (Sons Of Fortune). | ||
| 730 | _aसन्स ऑफ फॉर्च्यून (Sons Of Fortune). | ||
| 942 | _cBOOK | ||
| 999 |
_c551180 _d551177 |
||